Poder local. El caso de San Lucas Tolimán departamento de sololá /
Збережено в:
| Автор: | |
|---|---|
| Формат: | Текст |
| Теги: |
Додати тег
Немає тегів, Будьте першим, хто поставить тег для цього запису!
|
MARC
| LEADER | 00000 a a2200000 04500 | ||
|---|---|---|---|
| 001 | 45377 | ||
| 003 | |||
| 040 | |||
| 090 | |a REV0780 (7)1979 | ||
| 100 | |a Phéfunchal Arriaza, Aracelly | ||
| 245 | |a Poder local. El caso de San Lucas Tolimán departamento de sololá / |c Aracelly Phéfunchal Arriaza | ||
| 773 | |g número7, II Epoca, (enero - junio, 1979), páginas 87-102 | ||
| 999 | |c 20373 |d 20373 | ||
